Joueurs de football par images - W - Statistiques

Statistiques générales
  • Ce quiz a été pris 1 009 fois
  • Le résultat moyen est 9 sur 20
Statistiques - réponses
Par images Réponse % Correct
Kyle Walker
96%
Timo Werner
90%
Georginio Wijnaldum
87%
Axel Witsel
83%
Willian
81%
George Weah
78%
Theo Walcott
67%
Sylvain Wiltord
64%
Jack Wilshere
45%
Wout Weghorst
42%
Daniel Wass
35%
James Ward-Prowse
35%
Roman Weidenfeller
25%
Ashley Williams
22%
Chris Waddle
21%
Christopher Wooh
17%
Wendel
16%
Marc Wilmots
14%
Silvan Widmer
8%
Majeed Waris
7%
Aucun quiz correspondant
Distribution des résultats
% des personnes avec chaque résultat
Percentile par nombre de réponses
Votre historique - résultats
Vous n’avez pas pris ce quiz